1946 1214 1485 1768 1234 1722 1526 1084 1842 1081 1629 1600 1369 1021 1073 1961 1405 1768 1315 1020 1267 1025 1149 1529 1893 1324 1517 1731 1243 1794 1909 1334 1930 1204 1638 1794 1967 1698 1930 1107 1837 1344 1356 1239 1828 1916 1789 1049 1351 1963 1478 1894 1575 1560 1819 1327 1100 1009 1746 1055 1282 1309 1220 1788 1612 1561 1506 1534 1046 1586 1762 1521 1583 1318 1778 1901 1344 1130 1568 1135 1669 1269 1150 1255 1898 1062 1754 1522 1112 1665 1213 1951 1776 1120 2000 1523 1952 1842 1596 BCNSPRNW ULIB Ver.6.0+V

เปลี่ยนเป็นภาษาไทย

Change to English
 แสดงรายละเอียดบรรณานุกรม
  กลับหน้าหลัก

Brief Record : Get Marc (ISO 2709) : E-mail record : QR code < ปิดหน้าต่าง
LEADER : 00000nam 2200000uu 4500
001    13399109374
003     ULIB
008    110330s2552||||th 000 0 tha d
020    08576521
060 04 WA900^bภ493A 2552
110 2  กองระบาดวิทยา
245 10 สรุปรายงานการเฝ้าระวังโรค 2551 =^bAnnual epidemiologicalsurveillance report 2008 /^cกองระบาดวิทยา สำนักงานปลัดกระทรวง กระทรวงสาธารณสุข
246 14 Annual summary
246 31 Annual epidemiological surveillance report ...
260    กรุงเทพฯ :^bกองระบาดวิทยา ,^c2552
300    508 หน้า :^bภาพประกอบ ;^c21 ซม.
650  2 Epidemiology^xyearbooks
650  7 ระบาดวิทยา^vหนังสือรายปี
650  7 ระบาดวิทยา^vสถิติ
710 2  สำนักระบาดวิทยา
710 2  กรมควบคุมโรค. ^bสำนักระบาดวิทยา
945    ^p0^l0^i026595
995    ทศพร
999 ^a ใช้งานได้ทุกระบบ
รายการนี้ยังไม่มีแท็ก
คุณยังไม่ได้ล็อกอิน คุณสามารถมีกิจกรรมร่วมกับเว็บไซต์ได้ แต่ต้องล็อกอินก่อน ::
  ล็อกอิน

รายการสื่อสารสนเทศ

ลำดับที่ ประเภท เลขเรียก/บาร์โค้ด สถานที่ สถานะ
- ไม่พบข้อมูล -

BibComment


ยังไม่เคยถูกคอมเมนท์

คอมเมนท์ทรัพยากรรายการนี้
  คอมเมนท์: สรุปรายงานการเฝ้า..


 Copyright 2026. Bcnsprnw @Library